| 000 | 00903nam a22002297a 4500 | ||
|---|---|---|---|
| 005 | 20210325181000.0 | ||
| 008 | s2544 th tha d | ||
| 020 | _a9747798603 | ||
| 041 | _atha | ||
| 050 | _aJQ1745.A5 ร314ค 2544 | ||
| 100 | 0 | _aรังสรรค์ ธนะพรพันธุ์ | |
| 245 | 1 | 0 | _aคู่มือการเมืองไทย |
| 260 | 3 |
_aกรุงเทพฯ : _bโครงการจัดพิมพ์คบไฟ, _c2544 |
|
| 300 |
_a352 หน้า : _b ตาราง ; _c 21 ซม. |
||
| 650 | 0 | 4 | _aการเลือกตั้ง -- คู่มือ |
| 650 | 0 | 4 | _aตลาดการเมือง |
| 650 | 0 | 4 | _aไทย -- การเมืองและการปกครอง -- รวมเรื่อง |
| 850 | _aNALT | ||
| 942 | _cGB | ||
| 997 | _c000000000010715 | ||
| 998 | _aSOPAPORN | ||
| 999 |
_c10715 _d10715 |
||